000 00331 a2200121 4500
040 _aDLC
_bDLC
100 _aHadi, S. S.
245 _aAn introduction to major religions of the world
_cS. S. Hadi
260 _aIslamabad:
_bManzil Publications,
_c2009.
300 _a122 p. ;
_c24 cm.
650 _aReligions.
942 _cBK
_k290 HAD
_2ddc
999 _c10137
_d10137